Inherit the sun (Record no. 350749)

000 -LEADER
fixed length control field 00678cam a2200241 i 4500
001 - CONTROL NUMBER
control field 4663585
003 - CONTROL NUMBER IDENTIFIER
control field OSt
005 - DATE AND TIME OF LATEST TRANSACTION
control field 20180116183025.0
008 - FIXED-LENGTH DATA ELEMENTS--GENERAL INFORMATION
fixed length control field 801003s1981 nyu 000 1 eng
010 ## - LIBRARY OF CONGRESS CONTROL NUMBER
LC control number 80025172
020 ## - INTERNATIONAL STANDARD BOOK NUMBER
International Standard Book Number 0698110749
040 ## - CATALOGING SOURCE
Original cataloging agency DLC
Transcribing agency DLC
Modifying agency DLC
050 00 - LIBRARY OF CONGRESS CALL NUMBER
Classification number PR9619.3.G654
Item number I5 1981
082 00 - DEWEY DECIMAL CLASSIFICATION NUMBER
Classification number 813.54 GRA 1982
Edition number 19
100 1# - MAIN ENTRY--PERSONAL NAME
Personal name Grant, Maxwell.
245 10 - TITLE STATEMENT
Title Inherit the sun
Statement of responsibility, etc. Maxwell Grant.
260 ## - PUBLICATION, DISTRIBUTION, ETC.
Place of publication, distribution, etc. New York :
Name of publisher, distributor, etc. Coward, McCann & Geoghegan,
Date of publication, distribution, etc. c1981.
300 ## - PHYSICAL DESCRIPTION
Extent 438 p. ;
Dimensions 24 cm.
440 ## - SERIES STATEMENT/ADDED ENTRY--TITLE
Title Inherit the sun
650 #0 - SUBJECT ADDED ENTRY--TOPICAL TERM
Topical term or geographic name entry element Aboriginal Australians
Form subdivision Fiction.
906 ## - LOCAL DATA ELEMENT F, LDF (RLIN)
a 7
b cbc
c orignew
d u
e ocip
f 19
g y-gencatlg
942 ## - ADDED ENTRY ELEMENTS (KOHA)
Source of classification or shelving scheme
Koha item type Book
Holdings
Withdrawn status Lost status Source of classification or shelving scheme Damaged status Not for loan Collection code Permanent Location Current Location Shelving location Date acquired Total Checkouts Full call number Barcode Date last seen Date last checked out Price effective from Koha item type
            Central Library (CL) Central Library (CL) Fiction 12/03/2015 1 813.54 GRA 1982 NBSD-2159 02/24/2025 01/10/2025 12/03/2015 Book
© 2023 Central Library, National University of Sciences and Technology. All Rights Reserved.